| 000 | 00596nam a2200205Ia 4500 | ||
|---|---|---|---|
| 003 | BUBTL | ||
| 008 | 151213s9999 xx 000 0 und d | ||
| 020 | _a984643143x | ||
| 082 | _a400/ M3144i/ 2006 | ||
| 100 |
_aDr. M. Maniruzzaman _94657 |
||
| 245 |
_aIntroduction to English Language Study : _cDr. M. Maniruzzaman |
||
| 250 | _a1st | ||
| 260 |
_aDhaka _bFriend'S Book Corner _cc2006 |
||
| 300 |
_a234p. : _b22 cm |
||
| 650 |
_aEnglish Language _9194 |
||
| 700 |
_aDr. M. Maniruzzaman _94657 |
||
| 856 |
_k0 _l0 _yDownload |
||
| 942 |
_2ddc _cBK |
||
| 999 |
_c3300 _d3300 |
||